[Event "FRA-chT 0102 U18"]
[Site "France"]
[Date "2002.??.??"]
[Round "5.7"]
[White "Moussard, Jules"]
[Black "Tessedre, Romain"]
[Result "1-0"]
[WhiteElo "1440"]
[BlackElo "1410"]
[PlyCount "105"]
[EventDate "2001.10.??"]
[EventType "team"]
[EventRounds "11"]
[EventCountry "FRA"]
[SourceTitle "EXT 2003"]
[Source "ChessBase"]
[SourceDate "2002.11.25"]
[SourceVersion "1"]
[SourceVersionDate "2002.11.25"]
[SourceQuality "1"]
[WhiteTeam "Clichy"]
[BlackTeam "Bois Colombes"]
[WhiteTeamCountry "FRA"]
[BlackTeamCountry "FRA"]

1. d4 e6 2. Nf3 d5 3. c4 Nf6 4. Nc3 c5 5. Bg5 Bd6 6. cxd5 exd5 7. Nxd5 Be7 8. Nxf6+ Bxf6 9. Bxf6 Qxf6 10. dxc5 Nc6 11. Qd2 0-0 12. e4 Be6 13. Bb5 Rac8 14. 0-0 Bg4 15. Bxc6 Rxc6 16. e5 Qf5 17. Nd4 Rd8 18. Nxf5 Rxd2 19. Ne7+ Kf8 20. Nxc6 bxc6 21. b4 Rd5 22. h3 Be6 23. f4 f5 24. Rad1 Ke7 25. Rxd5 Bxd5 26. g4 g6 27. Rd1 a6 28. a4 Bc4 29. Rd6 Bd5 30. gxf5 gxf5 31. Rh6 Bg8 32. Rxc6 Be6 33. Rxa6 Bc8 34. Rh6 Kd7 35. Rxh7+ Kc6 36. Rh6+ Kd7 37. c6+ Kc7 38. a5 Ba6 39. e6 Bb5 40. e7 Bxc6 41. Rxc6+ Kxc6 42. e8Q+ Kd5 43. Kf2 Kd4 44. b5 Kc5 45. b6 Kb4 46. b7 Kc5 47. b8R Kd5 48. Rb5+ Kd4 49. Qe5+ Kc4 50. Qd5+ Kc3 51. Rb3+ Kc2 52. Qd3+ Kc1 53. Rb1# 1-0

[Event "FRA-chT 0102 U18"]
[Site "France"]
[Date "2002.??.??"]
[Round "5.10"]
[White "Tessedre, Romain"]
[Black "Fernandes Rodrigues, Rui Manuel"]
[Result "0-1"]
[WhiteElo "1410"]
[BlackElo "1009"]
[PlyCount "76"]
[EventDate "2001.10.??"]
[EventType "team"]
[EventRounds "11"]
[EventCountry "FRA"]
[SourceTitle "EXT 2003"]
[Source "ChessBase"]
[SourceDate "2002.11.25"]
[SourceVersion "1"]
[SourceVersionDate "2002.11.25"]
[SourceQuality "1"]
[WhiteTeam "Bois Colombes"]
[BlackTeam "Clichy"]
[WhiteTeamCountry "FRA"]
[BlackTeamCountry "FRA"]

1. e4 e5 2. Nf3 Nf6 3. Nc3 Nc6 4. d4 exd4 5. Nxd4 Bb4 6. Bb5 Nxe4 7. Qe2 0-0 8. 0-0 Nxc3 9. bxc3 Bxc3 10. Nxc6 dxc6 11. Rd1 Qf6 12. Ba3 Bxa1 13. Be7 Qe6 14. Rxa1 cxb5 15. Bxf8 Qxe2 16. Bb4 Bf5 17. c3 Re8 18. h3 Qb2 19. Rf1 Qxa2 20. Bc5 Re2 21. Bd4 h5 22. h4 Qe6 23. Kh2 Re4 24. g3 Bg6 25. f3 Re2+ 26. Rf2 Rxf2+ 27. Bxf2 Qe2 28. Kg2 a5 29. Kg1 a4 30. Kg2 a3 31. g4 a2 32. Kg3 a1Q 33. Kg2 Qaf1+ 34. Kg3 Qexf2+ 35. Kf4 Qxf3+ 36. Ke5 Qe1+ 37. Kd4 Qfxc3+ 38. Kd5 Be4# 0-1

[Event "FRA-chT 0102 U18"]
[Site "France"]
[Date "2001.11.25"]
[Round "2.7"]
[White "Zhou Yu, Quing"]
[Black "Tessedre, Romain"]
[Result "1-0"]
[WhiteElo "1520"]
[BlackElo "1410"]
[PlyCount "91"]
[EventDate "2001.10.??"]
[EventType "team"]
[EventRounds "11"]
[EventCountry "FRA"]
[SourceTitle "EXT 2003"]
[Source "ChessBase"]
[SourceDate "2002.11.25"]
[SourceVersion "1"]
[SourceVersionDate "2002.11.25"]
[SourceQuality "1"]
[WhiteTeam "Mulhouse"]
[BlackTeam "Bois Colombes"]
[WhiteTeamCountry "FRA"]
[BlackTeamCountry "FRA"]

1. e4 e5 2. Nf3 Nc6 3. d4 Bd6 4. Nc3 a6 5. Be3 Nf6 6. Be2 b5 7. a3 Bb7 8. Rb1 0-0 9. 0-0 Qe8 10. Bd3 Rb8 11. Re1 Ng4 12. dxe5 Nxe3 13. Rxe3 Nxe5 14. Nxe5 Qxe5 15. Rh3 Qg5 16. Rh5 Qg6 17. Nd5 Qe6 18. Qd2 g6 19. Rh3 f5 20. Re1 Rbe8 21. Nc3 b4 22. axb4 Bxb4 23. b3 d5 24. Bf1 Rd8 25. exd5 Qxd5 26. Bc4 Qxc4 27. Qxd8 Rxd8 28. bxc4 Bxc3 29. Rxc3 Be4 30. f3 Bc6 31. Rd3 Rf8 32. Re7 Rc8 33. Ra3 Bb7 34. c5 f4 35. c6 Bxc6 36. Rxa6 g5 37. Rxc6 Rf8 38. Rcxc7 Rd8 39. Red7 Rxd7 40. Rxd7 Kf8 41. c4 Ke8 42. Rxh7 Kd8 43. c5 Kc8 44. c6 Kd8 45. c7+ Ke8 46. c8Q# 1-0

[Event "FRA-chT 0102 U18"]
[Site "France"]
[Date "2001.11.24"]
[Round "1.7"]
[White "Tessedre, Romain"]
[Black "Schaeffer, Vincent"]
[Result "0-1"]
[WhiteElo "1410"]
[BlackElo "1650"]
[PlyCount "108"]
[EventDate "2001.10.??"]
[EventType "team"]
[EventRounds "11"]
[EventCountry "FRA"]
[SourceTitle "EXT 2003"]
[Source "ChessBase"]
[SourceDate "2002.11.25"]
[SourceVersion "1"]
[SourceVersionDate "2002.11.25"]
[SourceQuality "1"]
[WhiteTeam "Bois Colombes"]
[BlackTeam "Bischwiller"]
[WhiteTeamCountry "FRA"]
[BlackTeamCountry "FRA"]

1. e4 e5 2. Nf3 Nc6 3. Bb5 d6 4. Nc3 Nf6 5. 0-0 Be7 6. h3 Bd7 7. d4 exd4 8. Bxc6 Bxc6 9. Nxd4 Nxe4 10. Nxc6 Nxc3 11. Nxd8 Nxd1 12. Rxd1 Rxd8 13. Re1 Rd7 14. Bg5 f6 15. Bd2 0-0 16. Re3 d5 17. Rae1 Kf7 18. a3 Bd6 19. Bb4 c5 20. Bd2 Be5 21. c3 d4 22. Rd3 Rfd8 23. c4 Re8 24. Re4 Bh2+ 25. Kxh2 Rxe4 26. f3 Re2 27. b4 b6 28. b5 a6 29. a4 axb5 30. axb5 Ra7 31. Kg3 Ke6 32. Kf4 g5+ 33. Kg4 Ra4 34. f4 h6 35. f5+ Kf7 36. h4 gxh4 37. Kxh4 Rxg2 38. Kh3 Rf2 39. Kg3 Rxf5 40. Rf3 Rxf3+ 41. Kxf3 Rxc4 42. Ke4 Ke6 43. Bxh6 f5+ 44. Kd3 Kd5 45. Bf4 Rc3+ 46. Kd2 Ke4 47. Bc7 f4 48. Bxb6 f3 49. Ba5 Rb3 50. b6 c4 51. Kc2 f2 52. Kd2 f1Q 53. Kc2 Qd3+ 54. Kc1 Rb1# 0-1